| 000 | 00000nam##2200000za#4500 |
| 001 | 9.676039 |
| 003 | CaOODSP |
| 005 | 20210624225602 |
| 007 | cr ||||||||||| |
| 008 | 150407|1993||||xxc|||||o f|0| 0 eng|d |
| 040 | |aCaOODSP|beng |
| 041 | |aeng |
| 041 | |afre |
| 043 | |an-cn--- |
| 086 | 1 |aCS94-320/1993-PDF |
| 245 | 00|aPopulation estimates by first official language spoken, 1991 |h[electronic resource] |
| 246 | 1 |iSeries title also given on publication as : |aDimensions |
| 260 | |aOttawa - Ontario : |bStatistics Canada |c1993. |
| 500 | |aHistorical census publication digitized by Statistics Canada. |
| 590 | |a13-04-Supp|b2013-02-13 |
| 690 | 07|aCensus data|2gcpds |
| 690 | 07|aLanguages|2gcpds |
| 710 | 2 |aStatistics Canada. |
| 792 | |tEstimation de la population selon la première langue officielle parlée, 1991 |efre|w(CaOODSP)9.676040 |
| 856 | 40|ahttp://publications.gc.ca|qPDF|s8.7 MB|uhttps://publications.gc.ca/collections/collection_2013/statcan/rh-hc/CS94-320-1993.pdf |